|
|
|
|
| LEADER |
01129nam a2200349 i 4500 |
| 001 |
001616225 |
| 003 |
CZ BrMZK |
| 005 |
20180227091056.0 |
| 007 |
ta |
| 008 |
180213s2013 xxu e f 000 0 eng |
| 020 |
|
|
|a 978-0-307-95687-3
|q (vázáno)
|
| 040 |
|
|
|a BOA001
|b cze
|e rda
|
| 072 |
|
7 |
|a 81
|x Lingvistika. Jazyky
|2 Konspekt
|9 11
|
| 080 |
|
|
|a 81'23
|2 MRF
|
| 080 |
|
|
|a 81'234
|2 MRF
|
| 080 |
|
|
|a 612.82
|2 MRF
|
| 080 |
|
|
|a (035)
|2 MRF
|
| 100 |
0 |
|
|a Niurka
|4 aut
|
| 245 |
1 |
0 |
|a Supreme influence :
|b change your life with the power of the language you use /
|c Niurka
|
| 264 |
|
1 |
|a New York :
|b Harmony books,
|c 2013
|
| 300 |
|
|
|a xv, 301 stran ;
|c 22 cm
|
| 336 |
|
|
|a text
|b txt
|2 rdacontent
|
| 337 |
|
|
|a bez média
|b n
|2 rdamedia
|
| 338 |
|
|
|a svazek
|b nc
|2 rdacarrier
|
| 650 |
0 |
7 |
|a psycholingvistika
|7 ph124802
|2 czenas
|
| 650 |
0 |
7 |
|a neurolingvistika
|7 ph138311
|2 czenas
|
| 650 |
0 |
7 |
|a mozek
|7 ph123008
|2 czenas
|
| 655 |
|
7 |
|a příručky
|7 fd133209
|2 czenas
|
| 910 |
|
|
|a BOA001
|b 2-1400.567
|
| 990 |
|
|
|a BK
|
| 991 |
|
|
|b 201802
|c NOV
|
| 996 |
7 |
|
|b 2610735162
|c 2-1400.567
|l MZK
|r Sklad / do 1 hodiny
|n 2
|p dar
|w 001652013
|u 000010
|a 1
|e BOA001
|j MZK50
|s A
|